Možnosti ochrany výsledkov inovačného procesu v Slovenskej republike

Ochrana duševného vlastníctva a jej formy. Tri typy priemyselného vlastníctva aplikovateľné pre výsledky inovačného procesu: patenty, úžitkové vzory a ochranné známky. Správne poplatky. Ochrana výsledkov inovačného procesu v podmienkach Slovenskej republiky.

Enregistré dans:
Détails bibliographiques
Auteur principal: Jančovičová, Monika, 1991-
Format: Chapitre de livre
Langue:slovaque
Sujets:
Tags: Ajouter un tag
Pas de tags, Soyez le premier à ajouter un tag!

MARC

LEADER 00000nla a2200000 4500
001 0241394
005 20240524071212.9
041 0 |a slo 
044 |a SK 
245 1 0 |a Možnosti ochrany výsledkov inovačného procesu v Slovenskej republike  |c Monika Jančovičová 
520 |a Ochrana duševného vlastníctva a jej formy. Tri typy priemyselného vlastníctva aplikovateľné pre výsledky inovačného procesu: patenty, úžitkové vzory a ochranné známky. Správne poplatky. Ochrana výsledkov inovačného procesu v podmienkach Slovenskej republiky. 
610 2 0 |a vlastníctvo duševné 
610 2 0 |a vlastníctvo priemyselné 
610 2 0 |a patenty 
610 2 0 |a známky ochranné 
610 2 0 |a poplatky správne 
610 2 0 |a inovácia 
610 2 0 |a Slovensko 
100 1 |a Jančovičová, Monika, 1991-